000 01337nam0a22003371 4500
001 v19\rc\1871778
005 20251118180500.3
035 _a(NLR Aleph) 004988094
090 _a6256302
_c6256302
100 _a20080221d1910 u y0rusy50 ca
101 1 _arus
_ceng
102 _aRU
105 _ay z |||a|
200 1 _aДобрый гений людского счастья
_e[Рассказы]
_eИз произведений Ч. Диккенса
210 _aМосква
_cтип. К.Л. Меньшова
_d1910
215 _a48 с.
_d19
311 _aБеспл. прил. к журн. "Юная Россия". № 2, 1910 г.
327 1 _aСодерж.: Из Рождественской песни в прозе; Сверчок у очага
422 0 _12001#$aЮная Россия$v1910, № 2
_tЮная Россия
464 0 _12001#$aИз Рождественской песни в прозе$aСверчок у очага
_tСверчок у очага
700 1 _aДиккенс
_bЧ.
_f1812-1870
_gЧарлз
790 1 _aДиккенс
_bЧ.
_f1812-1870
_gЧальз
801 0 _aRU
_bNLR
_gpsbo
801 0 _aRU
_bRuMoRGB
_2psbo
801 1 _aRU
_bProSoft-M
_2rusmarc
852 _aNLR
_j45/464
899 _aRuMoRGB
_jD 32/336
899 _aRuMoRGB
_jD 32/368
899 _aБАН
942 _cBOOK
980 _aNB